[Event "Warsaw Maciei Memorial"]
[Site "Warsaw"]
[Date "2021.07.09"]
[Round "4"]
[White "Majek, Kacper"]
[Black "Sznapik, Aleksander"]
[Result "0-1"]
[WhiteElo "2018"]
[BlackElo "2390"]
[PlyCount "68"]
[EventDate "2021.07.09"]
[EventType "swiss (blitz)"]
[EventRounds "11"]
[EventCountry "POL"]
[SourceTitle "CBM 203 Extra"]
[Source "ChessBase"]
[SourceDate "2021.09.30"]
[SourceVersion "1"]
[SourceVersionDate "2021.09.30"]
[SourceQuality "1"]

1. e4 g6 2. d4 Bg7 3. Nf3 d6 4. Be2 Nf6 5. Nbd2 0-0 6. 0-0 c6 7. b3 Nbd7 8. Bb2 Qc7 9. c4 e5 10. c5 d5 11. dxe5 Nxe4 12. Nxe4 dxe4 13. Nd2 Nxc5 14. Nc4 Bf5 15. Ba3 b6 16. f4 exf3 17. Bxf3 Rad8 18. Qe1 Rfe8 19. Bxc5 bxc5 20. Rd1 Bd3 21. Nd6 Bxf1 22. Nxe8 Rxe8 23. Qxf1 Bxe5 24. g3 Bd4+ 25. Kg2 Re3 26. Qa6 Rc3 27. Rd2 Qe5 28. Qxc6 Qe3 29. Re2 Qg1+ 30. Kh3 Qf1+ 31. Rg2 Qxf3 32. Qe8+ Kg7 33. Qe1 Qf5+ 34. Kh4 Bf6# 0-1

[Event "Warsaw-ch opA 65th"]
[Site "Warsaw"]
[Date "2012.06.03"]
[Round "9"]
[White "Sznapik, Aleksander"]
[Black "Nurkiewicz, Maciej"]
[Result "1/2-1/2"]
[WhiteElo "2397"]
[BlackElo "2407"]
[PlyCount "58"]
[EventDate "2012.05.26"]
[EventType "swiss"]
[EventRounds "9"]
[EventCountry "POL"]
[SourceTitle "CBM 148 Extra"]
[Source "ChessBase"]
[SourceDate "2012.06.22"]
[SourceVersion "1"]
[SourceVersionDate "2012.06.22"]
[SourceQuality "1"]

1. e4 e5 2. Nf3 Nc6 3. Bc4 Nf6 4. d3 Be7 5. 0-0 0-0 6. Re1 d6 7. a4 Be6 8. Bxe6 fxe6 9. c3 Qd7 10. Nbd2 d5 11. b4 a6 12. Bb2 Bd6 13. b5 axb5 14. axb5 Rxa1 15. Bxa1 Ne7 16. Qb3 Ng6 17. c4 d4 18. Bb2 Qe7 19. Ra1 Nd7 20. Qc2 Bb4 21. Rf1 Nc5 22. g3 Qf6 23. Bc1 h5 24. Qb1 Bxd2 25. Nxd2 Ra8 26. Nb3 Na4 27. Bd2 Qf3 28. Bb4 Nc3 29. Bxc3 Nh4 1/2-1/2

[Event "Warsaw-ch opA 65th"]
[Site "Warsaw"]
[Date "2012.06.01"]
[Round "7"]
[White "Sznapik, Aleksander"]
[Black "Adamski, Andrzej"]
[Result "1-0"]
[WhiteElo "2397"]
[BlackElo "2271"]
[PlyCount "51"]
[EventDate "2012.05.26"]
[EventType "swiss"]
[EventRounds "9"]
[EventCountry "POL"]
[SourceTitle "CBM 148 Extra"]
[Source "ChessBase"]
[SourceDate "2012.06.22"]
[SourceVersion "1"]
[SourceVersionDate "2012.06.22"]
[SourceQuality "1"]

1. e4 e5 2. Nf3 Nc6 3. Bc4 Nf6 4. d3 d6 5. Ng5 d5 6. exd5 Na5 7. Bb5+ Bd7 8. Bxd7+ Qxd7 9. c4 b6 10. Bd2 Bc5 11. Nc3 0-0 12. 0-0 c6 13. Qa4 Qe7 14. Nge4 Nxe4 15. Nxe4 Bd4 16. dxc6 Qc7 17. Bxa5 bxa5 18. Nc3 Bxc3 19. bxc3 Rfd8 20. Rfd1 Rab8 21. g3 Rb6 22. Qxa5 Qxc6 23. Qxe5 Re8 24. Qd5 Qf6 25. Re1 Rd8 26. Qd4 1-0

[Event "Warsaw-ch opA 65th"]
[Site "Warsaw"]
[Date "2012.05.30"]
[Round "5"]
[White "Skawinski, Arkadiusz"]
[Black "Sznapik, Aleksander"]
[Result "1/2-1/2"]
[WhiteElo "2299"]
[BlackElo "2397"]
[PlyCount "57"]
[EventDate "2012.05.26"]
[EventType "swiss"]
[EventRounds "9"]
[EventCountry "POL"]
[SourceTitle "CBM 148 Extra"]
[Source "ChessBase"]
[SourceDate "2012.06.22"]
[SourceVersion "1"]
[SourceVersionDate "2012.06.22"]
[SourceQuality "1"]

1. e4 g6 2. d4 Bg7 3. Nc3 c6 4. h3 d6 5. Nf3 Nf6 6. Be3 0-0 7. a4 a5 8. Be2 Na6 9. 0-0 Nb4 10. Qd2 Ne8 11. Bc4 d5 12. Bb3 Nd6 13. exd5 cxd5 14. Bh6 Bf5 15. Bxg7 Kxg7 16. Qe2 Ne4 17. Nxe4 dxe4 18. Nh4 e6 19. Nxf5+ gxf5 20. Rad1 Nd5 21. Bxd5 exd5 22. f3 Qg5 23. c4 dxc4 24. fxe4 fxe4 25. Qxe4 Rae8 26. Qf4 Qxf4 27. Rxf4 Re2 28. Rf2 Rfe8 29. Rc1 1/2-1/2

[Event "Warsaw-ch opA 64th"]
[Site "Warsaw"]
[Date "2011.05.07"]
[Round "1"]
[White "Grochulski, Grzegorz"]
[Black "Sznapik, Aleksander"]
[Result "1-0"]
[WhiteElo "2057"]
[BlackElo "2422"]
[PlyCount "83"]
[EventDate "2011.05.07"]
[EventType "swiss"]
[EventRounds "9"]
[EventCountry "POL"]
[SourceTitle "CBM 142 Extra"]
[Source "ChessBase"]
[SourceDate "2011.06.27"]
[SourceVersion "1"]
[SourceVersionDate "2011.06.27"]
[SourceQuality "1"]

1. e4 c5 2. Nf3 e6 3. d4 cxd4 4. Nxd4 Nc6 5. Nc3 d6 6. Be3 Nf6 7. Bc4 a6 8. Bb3 Be7 9. Qe2 Na5 10. 0-0-0 Nxb3+ 11. axb3 Qa5 12. Kb1 Bd7 13. g4 h6 14. h4 g6 15. g5 hxg5 16. hxg5 Nh5 17. f4 0-0-0 18. f5 Kb8 19. f6 Bf8 20. Qf2 Rc8 21. Nf3 Rxc3 22. bxc3 Bc6 23. Rh4 Qc7 24. Bb6 Qc8 25. Ne5 dxe5 26. Rd8 Qxd8 27. Bxd8 Bd6 28. Bb6 Kc8 29. Qd2 Bc7 30. Bxc7 Kxc7 31. Qh2 Kd6 32. Rh3 Bxe4 33. Re3 Bf5 34. Qxe5+ Kc6 35. Qd4 Kc7 36. Qc5+ Kb8 37. Qd6+ Ka8 38. Kb2 Rc8 39. c4 Ka7 40. Re2 Rc6 41. Qe5 Rc8 42. Rd2 1-0

[Event "Warsaw Najdorf Memorial op-A"]
[Site "Warsaw"]
[Date "2010.07.19"]
[Round "3"]
[White "Sznapik, Aleksander"]
[Black "Mista, Aleksander"]
[Result "0-1"]
[WhiteElo "2434"]
[BlackElo "2562"]
[PlyCount "96"]
[EventDate "2010.07.17"]
[EventType "swiss"]
[EventRounds "9"]
[EventCountry "POL"]
[SourceTitle "CBM 137 Extra"]
[Source "ChessBase"]
[SourceDate "2010.09.01"]
[SourceVersion "1"]
[SourceVersionDate "2010.09.01"]
[SourceQuality "1"]

1. e4 g6 2. d4 Bg7 3. Nf3 d6 4. Be2 Nf6 5. Nc3 0-0 6. 0-0 c6 7. a4 a5 8. h3 Na6 9. Be3 Nb4 10. Qd2 Ne8 11. Rad1 f5 12. e5 Nc7 13. Bh6 d5 14. Bxg7 Kxg7 15. Nb1 f4 16. c3 Nba6 17. Na3 h6 18. Rfe1 Be6 19. Bd3 g5 20. Bb1 Qe8 21. Qc2 Rh8 22. Nh2 Qf7 23. Qb3 h5 24. Qxb7 g4 25. Qxc6 gxh3 26. Nb5 Nxb5 27. axb5 Rhc8 28. Qb6 Kh8 29. gxh3 Nb8 30. Kh1 Nd7 31. Qb7 Rg8 32. Rg1 Bxh3 33. Qc6 e6 34. Bd3 f3 35. Rg3 Bg2+ 36. Kg1 h4 37. Rg4 Bh3 38. Bg6 Rxg6 39. Qxa8+ Kg7 40. Qd8 Bxg4 41. Qxh4 Qf4 42. Qe7+ Kh6 43. Kh1 Bh3 44. Qd8 Nf8 45. b6 Kh7 46. Qe7+ Kg8 47. b7 Bg2+ 48. Kg1 Rh6 0-1

[Event "Warsaw STG m2"]
[Site "Warsaw"]
[Date "2010.05.27"]
[Round "3"]
[White "Rajlich, Iweta"]
[Black "Sznapik, Aleksander"]
[Result "1/2-1/2"]
[WhiteElo "2460"]
[BlackElo "2420"]
[PlyCount "115"]
[EventDate "2010.05.24"]
[EventType "match"]
[EventRounds "6"]
[EventCountry "POL"]
[SourceTitle "CBM 136 Extra"]
[Source "ChessBase"]
[SourceDate "2010.07.02"]
[SourceVersion "2"]
[SourceVersionDate "2010.07.15"]
[SourceQuality "1"]

1. d4 Nf6 2. Nf3 g6 3. c4 Bg7 4. Nc3 0-0 5. e4 d6 6. h3 e5 7. d5 a5 8. Bg5 Na6 9. Be2 c6 10. dxc6 bxc6 11. Qd2 Nc5 12. Rd1 Ncxe4 13. Nxe4 Nxe4 14. Bxd8 Nxd2 15. Be7 Ne4 16. Bxf8 Bxf8 17. Nd2 Nc5 18. Bf3 Rb8 19. b3 Bd7 20. Ne4 Nxe4 21. Bxe4 Rb4 22. 0-0 f5 23. Bc2 Be6 24. Rfe1 e4 25. Rd4 d5 26. Red1 Bc5 27. R4d2 e3 28. cxd5 Bxd5 29. Rxd5 cxd5 30. Kf1 Rf4 31. f3 Rd4 32. Rxd4 Bxd4 33. b4 Kf7 34. bxa5 Ke6 35. f4 Ba7 36. Ke2 Kd6 37. g4 fxg4 38. hxg4 Ke6 39. g5 Bc5 40. a6 Ba7 41. a4 Bc5 42. a5 Ba7 43. Kf3 Bc5 44. Bd3 Ba7 45. Bf1 Kf7 46. Bh3 Bc5 47. Ke2 Ba7 48. Kd3 Ke7 49. f5 Kf7 50. f6 h6 51. gxh6 Kxf6 52. Ke2 g5 53. Bf5 g4 54. Bd3 Bc5 55. Kf1 Ba7 56. Kg2 Bb8 57. Kf1 Ba7 58. Kg2 1/2-1/2

[Event "POL-chT 52nd"]
[Site "Augustow"]
[Date "1996.12.03"]
[Round "7"]
[White "Kveinys, Aloyzas"]
[Black "Sznapik, Aleksander"]
[Result "1/2-1/2"]
[WhiteElo "2530"]
[BlackElo "2425"]
[PlyCount "31"]
[EventDate "1996.11.27"]
[EventType "team-tourn"]
[EventRounds "11"]
[EventCountry "POL"]
[SourceTitle "EXT 2019"]
[Source "ChessBase"]
[SourceDate "2018.10.10"]
[SourceVersion "1"]
[SourceVersionDate "2018.10.10"]
[SourceQuality "1"]
[WhiteTeam "Suwalki Hancza"]
[BlackTeam "Warszawa Maraton"]
[WhiteTeamCountry "POL"]
[BlackTeamCountry "POL"]

1. e4 g6 2. d4 Bg7 3. Nf3 d6 4. Bc4 Nf6 5. Qe2 Nc6 6. e5 dxe5 7. dxe5 Ng4 8. e6 fxe6 9. 0-0 Qd6 10. c3 0-0 11. Nbd2 Nge5 12. Nxe5 Nxe5 13. Ne4 Qb6 14. Bb3 a5 15. Ba4 Bd7 16. Be3 1/2-1/2

[Event "POL-chT 49th"]
[Site "Lubniewice"]
[Date "1993.??.??"]
[Round "5"]
[White "Kaminski, Marcin"]
[Black "Sznapik, Aleksander"]
[Result "1-0"]
[WhiteElo "2450"]
[BlackElo "2420"]
[PlyCount "125"]
[EventDate "1993.09.23"]
[EventType "team-tourn"]
[EventRounds "11"]
[EventCountry "POL"]
[SourceTitle "EXT 2019"]
[Source "ChessBase"]
[SourceDate "2018.10.10"]
[SourceVersion "1"]
[SourceVersionDate "2018.10.10"]
[SourceQuality "1"]
[WhiteTeam "Wroclaw Hetman"]
[BlackTeam "Warszawa Maraton"]
[WhiteTeamCountry "POL"]
[BlackTeamCountry "POL"]

1. e4 g6 2. d4 Bg7 3. Nf3 d6 4. Be2 Nf6 5. Nc3 0-0 6. 0-0 c6 7. Re1 Nbd7 8. a4 e5 9. Bf1 exd4 10. Nxd4 Nc5 11. Bf4 Re8 12. f3 Nh5 13. Be3 Be5 14. g3 Nxg3 15. hxg3 Bxg3 16. Nde2 Bxe1 17. Qxe1 f5 18. Bxc5 dxc5 19. Qf2 Qg5+ 20. Bg2 f4 21. Re1 Be6 22. Nc1 Rad8 23. Nd3 c4 24. Nc5 Bh3 25. e5 Bxg2 26. Qxg2 Rxe5 27. N3e4 Qe7 28. Qf2 Kg7 29. a5 Rdd5 30. b4 b6 31. axb6 axb6 32. Na4 b5 33. Nac5 Qd8 34. Nb7 Qc8 35. Nbc5 Rg5+ 36. Nxg5 Rxg5+ 37. Kh2 Rh5+ 38. Kg1 Qh3 39. Qg2 Qh4 40. Ne6+ Kh6 41. Re4 Qf6 42. Qd2 Qa1+ 43. Re1 Qf6 44. Qxf4+ Qxf4 45. Nxf4 Rf5 46. Re4 g5 47. Re6+ Kg7 48. Ne2 c5 49. bxc5 Rxc5 50. Rb6 Rd5 51. c3 Rd2 52. Kf1 Rb2 53. Nd4 Rb1+ 54. Kf2 Rc1 55. Rxb5 Rxc3 56. Rxg5+ Kf6 57. Rc5 Kg6 58. Kg3 Rc1 59. Kf4 h6 60. Rc6+ Kh7 61. Nf5 c3 62. Rxh6+ Kg8 63. Rc6 1-0

[Event "POL-chT 49th"]
[Site "Lubniewice"]
[Date "1993.??.??"]
[Round "8"]
[White "Sznapik, Aleksander"]
[Black "Ciemniak, Robert"]
[Result "1/2-1/2"]
[WhiteElo "2420"]
[BlackElo "2415"]
[PlyCount "82"]
[EventDate "1993.09.23"]
[EventType "team-tourn"]
[EventRounds "11"]
[EventCountry "POL"]
[SourceTitle "EXT 2019"]
[Source "ChessBase"]
[SourceDate "2018.10.10"]
[SourceVersion "1"]
[SourceVersionDate "2018.10.10"]
[SourceQuality "1"]
[WhiteTeam "Warszawa Maraton"]
[BlackTeam "Bydgoszcz Chemik"]
[WhiteTeamCountry "POL"]
[BlackTeamCountry "POL"]

1. e4 c5 2. Nf3 Nc6 3. d4 cxd4 4. Nxd4 Nf6 5. Nc3 e5 6. Ndb5 d6 7. Bg5 a6 8. Na3 b5 9. Nd5 Be7 10. Bxf6 Bxf6 11. c3 Ne7 12. Nxf6+ gxf6 13. Bd3 d5 14. exd5 Qxd5 15. Qe2 Bb7 16. f3 f5 17. 0-0-0 Qe6 18. Rhe1 f6 19. f4 e4 20. Qh5+ Qf7 21. Qxf7+ Kxf7 22. Bc2 Rhd8 23. Bb3+ Bd5 24. Nc2 Bxb3 25. axb3 Nc6 26. Rxd8 Rxd8 27. Rd1 Rxd1+ 28. Kxd1 Ke6 29. Ke2 Kd5 30. Kf2 Na5 31. Ne3+ Ke6 32. b4 Nc6 33. h3 h5 34. g3 Ne7 35. Nc2 Nc6 36. Ke3 Kd5 37. b3 Ke6 38. c4 Kd6 39. Kd2 Ke6 40. Kc3 Kd6 41. Ne3 Ne7 1/2-1/2

[Event "POL-chT 49th"]
[Site "Lubniewice"]
[Date "1993.??.??"]
[Round "1"]
[White "Sznapik, Aleksander"]
[Black "Murdzia, Piotr"]
[Result "1-0"]
[WhiteElo "2420"]
[BlackElo "2435"]
[PlyCount "84"]
[EventDate "1993.09.23"]
[EventType "team-tourn"]
[EventRounds "11"]
[EventCountry "POL"]
[SourceTitle "EXT 2019"]
[Source "ChessBase"]
[SourceDate "2018.10.10"]
[SourceVersion "1"]
[SourceVersionDate "2018.10.10"]
[SourceQuality "1"]
[WhiteTeam "Warszawa Maraton"]
[BlackTeam "Gdansk Gedania"]
[WhiteTeamCountry "POL"]
[BlackTeamCountry "POL"]

1. e4 e5 2. Nf3 Nc6 3. Bb5 a6 4. Ba4 Nf6 5. 0-0 Be7 6. Re1 b5 7. Bb3 d6 8. c3 0-0 9. h3 Nd7 10. d4 Bf6 11. a4 Bb7 12. d5 Ne7 13. Be3 Qb8 14. c4 b4 15. Nbd2 c6 16. a5 c5 17. Ba4 Qc7 18. Nf1 Ng6 19. Qd2 Bd8 20. Ng3 Nf6 21. Bc2 Ne8 22. Nf5 f6 23. h4 Ne7 24. h5 g6 25. hxg6 hxg6 26. Nh6+ Kg7 27. g3 Rh8 28. Kg2 Ng8 29. Rh1 Nxh6 30. Bxh6+ Kg8 31. Ba4 Ng7 32. Bxg7 Rxh1 33. Rxh1 Qxg7 34. Nh4 Bc8 35. Be8 g5 36. Ng6 Bd7 37. Bxd7 Qxg6 38. Be6+ Kf8 39. Rh8+ Ke7 40. Bf5 Qf7 41. Rh7 Qxh7 42. Bxh7 Bxa5 1-0

[Event "Athens Akropolis op"]
[Site "Athens"]
[Date "1992.??.??"]
[Round "8"]
[White "Dumitrache, Dragos Nicolae"]
[Black "Sznapik, Aleksander"]
[Result "1/2-1/2"]
[WhiteElo "2375"]
[BlackElo "2460"]
[PlyCount "109"]
[EventDate "1992.??.??"]
[EventType "swiss"]
[EventRounds "9"]
[EventCountry "GRE"]
[SourceTitle "TD"]
[Source "ChessBase"]
[SourceDate "1994.03.01"]
[SourceVersion "1"]
[SourceVersionDate "1994.03.01"]
[SourceQuality "1"]

1. c4 Nf6 2. Nc3 g6 3. g3 Bg7 4. Bg2 0-0 5. e4 d6 6. Nge2 e5 7. 0-0 c6 8. d3 Nbd7 9. f4 b5 10. Kh1 b4 11. Na4 Re8 12. f5 d5 13. Bg5 h6 14. Bd2 a5 15. fxg6 fxg6 16. cxd5 cxd5 17. exd5 Bb7 18. Qb3 Kh7 19. Be3 Ra6 20. Nec3 Qa8 21. Ne4 Bxd5 22. Qc2 Rc8 23. Qe2 Nxe4 24. dxe4 Bxe4 25. Rf7 Bxg2+ 26. Qxg2 Qxg2+ 27. Kxg2 Rc2+ 28. Kg1 Rd6 29. Re7 g5 30. Rf1 Kg6 31. Rf2 Rxf2 32. Kxf2 Nf6 33. Ke2 Nd5 34. Bc5 Nxe7 35. Bxd6 Nc6 36. Kf3 Kf5 37. g4+ Ke6 38. Bc7 Kd5 39. Nb6+ Kc5 40. Ke4 Kb5 41. b3 Nd4 42. Nc4 a4 43. Nd6+ Kc6 44. bxa4 Ne6 45. Bb8 Nc5+ 46. Kf5 Nxa4 47. Nc4 Kc5 48. Nxe5 Nc3 49. Kg6 Bxe5 50. Bxe5 Nxa2 51. Ba1 Nc3 52. Kxh6 Ne4 53. Kh5 Kc4 54. h4 gxh4 55. Kxh4 1/2-1/2

[Event "Slupsk op"]
[Site "Slupsk"]
[Date "1992.??.??"]
[Round "?"]
[White "Gleizerov, Evgeny"]
[Black "Sznapik, Aleksander"]
[Result "1/2-1/2"]
[WhiteElo "2540"]
[BlackElo "2460"]
[PlyCount "47"]
[EventDate "1992.??.??"]
[EventType "swiss"]
[EventRounds "9"]
[EventCountry "POL"]
[SourceTitle "TD"]
[Source "ChessBase"]
[SourceDate "1994.03.01"]
[SourceVersion "1"]
[SourceVersionDate "1994.03.01"]
[SourceQuality "1"]

1. Nf3 g6 2. c4 Bg7 3. d4 Nf6 4. Nc3 0-0 5. e4 d6 6. Be2 e5 7. 0-0 Nc6 8. d5 Ne7 9. Nd2 a5 10. a3 Nd7 11. Rb1 f5 12. b4 Kh8 13. Qc2 Nf6 14. f3 Nh5 15. c5 axb4 16. axb4 Nf4 17. Nc4 g5 18. Be3 Neg6 19. cxd6 cxd6 20. Nb5 Nh4 21. Bxf4 exf4 22. Ncxd6 fxe4 23. Qxe4 Bf5 24. Nxf5 1/2-1/2

[Event "Athens Akropolis op"]
[Site "Athens"]
[Date "1992.??.??"]
[Round "3"]
[White "Sznapik, Aleksander"]
[Black "Blees, Albert"]
[Result "1/2-1/2"]
[WhiteElo "2460"]
[BlackElo "2410"]
[PlyCount "96"]
[EventDate "1992.??.??"]
[EventType "swiss"]
[EventRounds "9"]
[EventCountry "GRE"]
[SourceTitle "TD"]
[Source "ChessBase"]
[SourceDate "1994.03.01"]
[SourceVersion "1"]
[SourceVersionDate "1994.03.01"]
[SourceQuality "1"]

1. e4 e5 2. Nf3 Nc6 3. Bb5 a6 4. Ba4 Nf6 5. 0-0 Be7 6. Re1 b5 7. Bb3 d6 8. c3 0-0 9. h3 Na5 10. Bc2 c5 11. d4 Qc7 12. d5 c4 13. Nbd2 Nb7 14. Nf1 a5 15. g4 Kh8 16. Ng3 g6 17. Bh6 Re8 18. Qd2 Nc5 19. Kh1 Rb8 20. Ng5 Bd8 21. Rg1 Ng8 22. Nf3 Nxh6 23. Qxh6 f6 24. Nf5 Rg8 25. g5 Bb7 26. gxf6 Bxf6 27. N3h4 Bxh4 28. Nxh4 Qf7 29. Rg3 Rg7 30. Rag1 Rbg8 31. Nf3 Rf8 32. R1g2 Qf4 33. Ng5 Kg8 34. b4 cxb3 35. axb3 b4 36. cxb4 axb4 37. Bd3 Qc1+ 38. Kh2 Qf4 39. Bc4 Bc8 40. f3 Ra7 41. h4 Re8 42. h5 Qh4+ 43. Kg1 Ree7 44. Nxh7 Rg7 45. Rxg6 Ra1+ 46. Bf1 Rxf1+ 47. Kxf1 Ba6+ 48. Kg1 Qe1+ 1/2-1/2

[Event "POL-ch 49th"]
[Site "Czestochowa"]
[Date "1992.??.??"]
[Round "8"]
[White "Sznapik, Aleksander"]
[Black "Jasnikowski, Zbigniew"]
[Result "1-0"]
[WhiteElo "2460"]
[BlackElo "2450"]
[PlyCount "77"]
[EventDate "1992.03.05"]
[EventType "tourn"]
[EventRounds "15"]
[EventCountry "POL"]
[EventCategory "7"]
[SourceTitle "CBM 029 Extra"]
[Source "ChessBase"]
[SourceDate "1992.09.01"]
[SourceVersion "1"]
[SourceVersionDate "1992.09.01"]
[SourceQuality "1"]

1. e4 c5 2. Nf3 e6 3. d4 cxd4 4. Nxd4 Nc6 5. Nc3 d6 6. Be3 Nf6 7. Be2 Be7 8. 0-0 0-0 9. f4 Bd7 10. Qe1 Nxd4 11. Bxd4 Bc6 12. Qg3 g6 13. Qe3 Nd7 14. Rad1 Qc7 15. Nb5 Bxb5 16. Bxb5 Nf6 17. Qe2 d5 18. e5 Ne4 19. c4 Rfd8 20. Kh1 Rac8 21. Bg1 Bc5 22. cxd5 exd5 23. Bxc5 Qxc5 24. Bd3 Qd4 25. Bb1 Qc4 26. Qe3 Nc5 27. f5 d4 28. Qf4 b5 29. b3 Qd5 30. b4 Na4 31. Be4 Qd7 32. e6 fxe6 33. fxg6 hxg6 34. Qg4 Rf8 35. Qxg6+ Kh8 36. Rf6 Rxf6 37. Qxf6+ Qg7 38. Qxe6 Rd8 39. Rd3 1-0